| 000 | 00763nam a2200253 a 4500 | ||
|---|---|---|---|
| 001 | 50094 | ||
| 003 | BD-RjUL | ||
| 005 | 20220104102639.0 | ||
| 008 | 160823s1950 nyua b 001 0 eng d | ||
| 035 | _a(BD-RjUL)50214 | ||
| 040 |
_aANL _beng _cANL _dBD-RjUL |
||
| 041 | _aeng | ||
| 082 | 0 | 4 |
_a370.973 _223 _bDEI 1950 |
| 100 | 1 |
_aDe Young, Chris Anthony _d1898- _9150133 |
|
| 245 | 1 | 0 |
_aIntroduction to American public education / _cChris Anthony De Young |
| 250 | _a2d ed. | ||
| 260 |
_aNew York : _bMcGraw-Hill, _c1950 |
||
| 300 |
_axviii, 676 p. : _bill ; _c24 cm. |
||
| 504 | _aIncludes bibliographies and index | ||
| 650 | 0 |
_aEducation _zUnited States. _9150135 |
|
| 942 |
_2ddc _cBK |
||
| 999 |
_c50094 _d50094 |
||